FIFA World Cup Finalists - Statistics

General Stats
  • This quiz has been taken 195 times
  • The average score is 37 of 42
Answer Stats
Where When Winner % Correct
France 1998 France
99%
Russia 2018 France
99%
France
99%
South Africa 2010 Spain
99%
Argentina 1978 Argentina
98%
Mexico 1986 Argentina
98%
Argentina
98%
Argentina
98%
Argentina
98%
Sweden 1958 Brazil
98%
Chile 1962 Brazil
98%
Mexico 1970 Brazil
98%
United States 1994 Brazil
98%
Japan 2002 Brazil
98%
Brazil
98%
Brazil
98%
Brazil 2014 Germany
96%
Germany
96%
Italy 1934 Italy
96%
France 1938 Italy
96%
Spain 1982 Italy
96%
Germany 2006 Italy
96%
Italy
96%
Italy
96%
Uruguay 1930 Uruguay
95%
Brazil 1950 Uruguay
95%
England 1966 England
93%
Croatia
90%
Netherlands
88%
Netherlands
88%
Netherlands
88%
Sweden
73%
Switzerland 1954 West Germany
71%
Germany 1974 West Germany
71%
Italy 1990 West Germany
71%
West Germany
71%
West Germany
71%
West Germany
71%
Hungary
70%
Hungary
70%
Czechoslovakia
61%
Czechoslovakia
61%
No matching quizzes found
Score Distribution
Percent of People with Each Score
Percentile by Number Answered
Your Score History
You have not taken this quiz